<?xml version="1.0" encoding="UTF-8"?>
<collection xmlns="http://www.loc.gov/MARC21/slim">
 <record>
  <leader>02646nam a22004335a 4500</leader>
  <controlfield tag="001">EUN.eunm007735</controlfield>
  <controlfield tag="005">20190308112217.0</controlfield>
  <controlfield tag="008">190307s1998####sp#a#####b####100#0#spa#d</controlfield>
  <datafield tag="020" ind1=" " ind2=" ">
   <subfield code="a">9875080284 (o.c.)</subfield>
  </datafield>
  <datafield tag="020" ind1=" " ind2=" ">
   <subfield code="a">9875080233 (v. 1)</subfield>
  </datafield>
  <datafield tag="020" ind1=" " ind2=" ">
   <subfield code="a">987508025X (v. 3)</subfield>
  </datafield>
  <datafield tag="020" ind1=" " ind2=" ">
   <subfield code="a">9875080268 (v. 4)</subfield>
  </datafield>
  <datafield tag="020" ind1=" " ind2=" ">
   <subfield code="a">9875080276 (v. 5)</subfield>
  </datafield>
  <datafield tag="082" ind1="0" ind2="4">
   <subfield code="a">551.49</subfield>
   <subfield code="2">15</subfield>
  </datafield>
  <datafield tag="082" ind1="0" ind2="4">
   <subfield code="a">333.91</subfield>
   <subfield code="2">15</subfield>
  </datafield>
  <datafield tag="111" ind1="2" ind2=" ">
   <subfield code="a">Congreso Nacional del Agua</subfield>
   <subfield code="n">(17o. :</subfield>
   <subfield code="d">1998 :</subfield>
   <subfield code="c">Santa Fe, Argentina)</subfield>
  </datafield>
  <datafield tag="245" ind1="1" ind2="0">
   <subfield code="a">XVII Congreso Nacional del Agua ;</subfield>
   <subfield code="b">II Simposio de Recursos Hídricos del Conosur : Santa Fe, Argentina.</subfield>
  </datafield>
  <datafield tag="246" ind1="3" ind2=" ">
   <subfield code="a">17 Congreso Nacional del Agua</subfield>
  </datafield>
  <datafield tag="246" ind1="3" ind2=" ">
   <subfield code="a">2 Simposio de Recursos Hídricos del Conosur</subfield>
  </datafield>
  <datafield tag="246" ind1="1" ind2="4">
   <subfield code="a">Anales : XVII Congreso Nacional del Agua ; II Simposio de Recursos Hídricos del Conosur : Santa Fe, Argentina, 3 al 7 de agosto de 1998</subfield>
  </datafield>
  <datafield tag="260" ind1=" " ind2=" ">
   <subfield code="a">Santa Fe :</subfield>
   <subfield code="b">Facultad de Ingeniería y Ciencias Hídricas de la Universidad Nacional del Litoral,</subfield>
   <subfield code="c">1998.</subfield>
  </datafield>
  <datafield tag="300" ind1=" " ind2=" ">
   <subfield code="a">5 v. :</subfield>
   <subfield code="b">il. ;</subfield>
   <subfield code="c">30 cm.</subfield>
  </datafield>
  <datafield tag="504" ind1=" " ind2=" ">
   <subfield code="a">Incluye referencias bibliográficas.</subfield>
  </datafield>
  <datafield tag="505" ind1="0" ind2=" ">
   <subfield code="a">v. 1. Hidrología de superficie -- Hidrología de superficie divulgaciones -- v. 2. Hidrología de superficie -- v. 3. Hidrología subterránea -- Riego y drenaje -- Riego y drenaje: divulgaciones -- Geomorfología, erosión y sedimentación hídricas -- Geomorfología, erosión y sedimentación hídrica: divulgaciones -- v. 4. Aprovechamientos, presas embalses y obras menores -- Hidráulica -- Hidráulica: divulgaciones -- Legislación -- Legislación: divulgaciones -- v. 5. Medio ambiente y calidad del agua -- Medio ambiente y calidad del agua: divulgaciones -- Planeamiento y gestión de los recursos hídricos -- Planeamiento y gestión de los recursos hídricos: divulgaciones.</subfield>
  </datafield>
  <datafield tag="546" ind1=" " ind2=" ">
   <subfield code="a">Ponencias en español y portugués.</subfield>
  </datafield>
  <datafield tag="650" ind1=" " ind2="7">
   <subfield code="a">Agua.</subfield>
   <subfield code="2">unbist</subfield>
  </datafield>
  <datafield tag="650" ind1=" " ind2="7">
   <subfield code="a">Hidrología.</subfield>
   <subfield code="2">unbist</subfield>
  </datafield>
  <datafield tag="650" ind1=" " ind2="7">
   <subfield code="a">Hidráulica</subfield>
   <subfield code="2">unbist</subfield>
  </datafield>
  <datafield tag="650" ind1=" " ind2="7">
   <subfield code="a">Calidad del agua.</subfield>
   <subfield code="2">unbist</subfield>
  </datafield>
  <datafield tag="650" ind1=" " ind2="7">
   <subfield code="a">Ordenamiento de las aguas.</subfield>
   <subfield code="2">unbist</subfield>
  </datafield>
  <datafield tag="650" ind1=" " ind2="7">
   <subfield code="a">Recursos hídricos.</subfield>
   <subfield code="2">unbist</subfield>
  </datafield>
  <datafield tag="651" ind1=" " ind2="7">
   <subfield code="a">Cono sur de América del Sur.</subfield>
   <subfield code="2">BN Argentina</subfield>
  </datafield>
  <datafield tag="651" ind1=" " ind2="7">
   <subfield code="a">Argentina.</subfield>
   <subfield code="2">unbist</subfield>
  </datafield>
  <datafield tag="711" ind1="2" ind2=" ">
   <subfield code="a">Simposio de Recursos Hídricos del Conosur</subfield>
   <subfield code="n">(2o. :</subfield>
   <subfield code="d">1998 :</subfield>
   <subfield code="c">Santa Fe, Argentina)</subfield>
  </datafield>
  <datafield tag="859" ind1=" " ind2=" ">
   <subfield code="a">AR-BaUNS</subfield>
   <subfield code="b">BIB. CENTRAL - Sector A</subfield>
   <subfield code="h">551.49</subfield>
   <subfield code="i">C76</subfield>
   <subfield code="p">126952/019</subfield>
   <subfield code="v">v.1</subfield>
   <subfield code="3">v.1</subfield>
  </datafield>
  <datafield tag="859" ind1=" " ind2=" ">
   <subfield code="a">AR-BaUNS</subfield>
   <subfield code="b">BIB. CENTRAL - Sector A</subfield>
   <subfield code="h">551.49</subfield>
   <subfield code="i">C76</subfield>
   <subfield code="p">126953/019</subfield>
   <subfield code="v">v.2</subfield>
   <subfield code="3">v.2</subfield>
  </datafield>
  <datafield tag="859" ind1=" " ind2=" ">
   <subfield code="a">AR-BaUNS</subfield>
   <subfield code="b">BIB. CENTRAL - Sector A</subfield>
   <subfield code="h">551.49</subfield>
   <subfield code="i">C76</subfield>
   <subfield code="p">126954/019</subfield>
   <subfield code="v">v.3</subfield>
   <subfield code="3">v.3</subfield>
  </datafield>
  <datafield tag="859" ind1=" " ind2=" ">
   <subfield code="a">AR-BaUNS</subfield>
   <subfield code="b">BIB. CENTRAL - Sector A</subfield>
   <subfield code="h">551.49</subfield>
   <subfield code="i">C76</subfield>
   <subfield code="p">126955/019</subfield>
   <subfield code="v">v.4</subfield>
   <subfield code="3">v.4</subfield>
  </datafield>
  <datafield tag="859" ind1=" " ind2=" ">
   <subfield code="a">AR-BaUNS</subfield>
   <subfield code="b">BIB. CENTRAL - Sector A</subfield>
   <subfield code="h">551.49</subfield>
   <subfield code="i">C76</subfield>
   <subfield code="p">126956/019</subfield>
   <subfield code="v">v.5</subfield>
   <subfield code="3">v.5</subfield>
  </datafield>
 </record>
</collection>
